| 000 | 00715nam a2200229 i 4500 | ||
|---|---|---|---|
| 001 | bg | ||
| 245 | 7 | 0 |
_aĆwiczenia laboratoryjne z fizyki : _bpromieniowanie i struktura materii : oprac. zbiorowe / _cpod red. Edwarda Śpiewli ; Politechnika Lubelska. |
| 260 |
_aLublin : _bWydawnictwa Uczelniane PL, _c1994. |
||
| 300 |
_a164 s. : _brys., wykr. ; _c24 cm. |
||
| 504 | _aBibliogr. przy ćwicz. | ||
| 650 | 9 | _aFizyka | |
| 650 | 9 |
_aPromieniowanie _xpomiary |
|
| 655 | _aĆwiczenia i zadania | ||
| 700 | 1 |
_aŚPIEWLA, Edward. _eRed. |
|
| 020 | _a8386333707 | ||
| 040 | _cBPK | ||
| 041 | _apol | ||
| 080 | _a53(075.8)(076) | ||
| 920 | _a83-86333-70-7 | ||
| 942 | _cKS | ||
| 008 | s pl f |000 0 pol | ||
| 999 |
_c6885 _d6885 |
||
| 856 |
_uhttp://koha.tu.koszalin.pl/cgi-bin/koha/opac-detail.pl?biblionumber=6885 _yKatalog online BPK |
||